| 000 | 00826cam a2200277 u 4500 | ||
|---|---|---|---|
| 003 | MX-MxUPN | ||
| 005 | 20240228063636.0 | ||
| 008 | 100924s2006 sp a cr 000 f spa d | ||
| 020 | _a842636151X | ||
| 035 | _aUPN01000177903 | ||
| 040 |
_aMX-MxUPN _bspa |
||
| 041 | 1 |
_aspa _hglg |
|
| 050 | 4 |
_aPZ90 G3 _bA44 2006 |
|
| 100 | 1 |
_aAlfaya, An, _d1964- _930607 |
|
| 245 | 1 | 0 | _aZoa y Azor |
| 260 |
_aZaragoza, Esp. : _bEdelvives, _c2006. |
||
| 300 |
_a126 páginas : _bilustraciones |
||
| 490 |
_aAla delta. Verde ; _v57 |
||
| 650 | 4 |
_aCaballos _950426 _xLiteratura infantil |
|
| 650 | 4 |
_aLiteratura infantil española _95892 |
|
| 700 | 1 |
_950424 _aEspañol, Montse, _d1967- _eilustración |
|
| 700 | 1 |
_950425 _aYroza, Zao _etraducción |
|
| 902 | _bVíctorGodínez/241023 | ||
| 905 | _aInfantil | ||
| 942 |
_2lcc _cLIBRO |
||
| 999 |
_c150006 _d150006 |
||